Az érem másik oldala megnyugtatom az újságírókat, véleményüket tiszteletben tartom ...

Bibliographic Details
Main Author: Bugár, Béla, 1958- (Author)
Format: Article
Language:Hungarian
Subjects:

MARC

LEADER 00000nab a2200000 a 4500
001 vtls000677803
003 SK-MaSNL
005 20260318132337.0
008 160405c1998 xo 0 hun
015 |a SNBRB1998/11-30228 
035 |a CLN000029972 
040 |a SNKBUCL  |b slo  |c SNKBUCL  |e AACR2 
041 0 |a hun 
044 |a xo  |c SK 
080 |a 329.4(437.6)(=945.11)SMK  |2 1997 
100 1 |a Bugár, Béla,  |d 1958-  |4 aut  |9 103270 
245 1 3 |a Az érem másik oldala  |b megnyugtatom az újságírókat, véleményüket tiszteletben tartom ...  |c Bugár Béla 
610 7 |a Strana maďarskej koalície - Magyar Koalíció Pártja  |2 snkbucl  |9 229268 
655 7 |a články z novín a časopisov  |2 snkbucl  |9 267496 
773 0 |t Új szó  |g Roč. 51, č. 261 (11.11.1998), s. 2 
850 |a Slovenská národná knižnica v Martine 
852 |a SNK  |b KIS3GCP 
958 |a HU 
958 |a SK 
958 |a RBX 
999 |c 2122921  |d 2124851